LEADER 01250nam a2200277 4500 001 000000330675 003 CaOOAMICUS 005 20181011121724.0 008 181010s2017 it o 000 u ita r 020 $a978-88-6857-115-3 040 $aSeMil$bita 245 10$aAl cuore della realtà :$bEugenio Corti scultore di parole /$ca cura di Elena Landoni. 264 1$aNovara :$bInterlinea,$c2017. 300 $a141 p. :$bill ;$c21 cm 490 1 $a Biblioteca letteraria dell'Italia unita ;$v26 500 $aFondo Card. Angelo Scola 500 $aAtti della Giornata di studio tenuta a Milano nel 2016 600 14$aCorti, Eugenio <1921-2014>.$0(OLS)http://semarc/subject/15707 700 1 $aLandoni, Elena <1955->.$0(OLS)http://semarc/name/32154 830 0$aBiblioteca letteraria dell'Italia unita ;$v26.$0(OLS)http://semarc/title/23185 850 $aSeMil 852 $aSeMil$W1$xVenegono$y1$m1O VI 206$j210791$B224571$CSeMilBibl$Z2$F224571 $81 996 $6020$a978-88-6857-115-3$9(OLS)http://semarc/number/285361 996 $6245$aAl cuore della realtà :$bEugenio Corti scultore di parole$9(OLS)http://semarc/title/419156 996 $6264$aNovara :$bInterlinea$9(OLS)http://semarc/publisher/31908 LEADER 01254nam a2200301 i 4500 001 000000121484 003 CaOOAMICUS 005 20031222000000.0 008 031222s1999 it u000 u mul u 013 $a94179 020 $a88-18-70231-9 040 $aSeMil$bita 100 0 $aTommaso : d'Aquino,$c.$0(OLS)http://semarc/name/423 245 13$aIl male /$cTommaso d'Aquino ; introduzione, traduzione e apparati di Fernando Fiorentino. 260 $aMilano :$bRusconi,$c1999. 300 $a1428 p. ;$c21 cm. 490 0 $aTesti a fronte ;$v76 500 $aContiene : Bibliografia. - Testo latino a fronte. - Fondo Card. C.M. Martini. 650 4$aMounier, Emmanuel <1905-1950>.$0(OLS)http://semarc/subject/8502 700 1 $aFiorentino, Fernando,$d<1941- >.$0(OLS)http://semarc/name/31123 830 0$aTesti a fronte ;$v76.$0(OLS)http://semarc/title/593 850 $aSeMil 852 $aSeMil$W1$xVenegono$y1$m2P I 106$j76559$B76559$CSeMilBibl$Z2$F77988 $81 941 1 $a4 961 $aOmaggio: Martini Card. Carlo Maria 996 $6020$a88-18-70231-9$9(OLS)http://semarc/number/80599 996 $6245$aIl male$9(OLS)http://semarc/title/175994 996 $6260$aMilano :$bRusconi$9(OLS)http://semarc/publisher/30258